| 000 | 00000nam##2200000za#4500 |
| 001 | 9.580735 |
| 003 | CaOODSP |
| 005 | 20210624191200 |
| 007 | cr ||||||||||| |
| 008 | 150406|1998||||xxc|||||o f|0| 0 eng|d |
| 040 | |aCaOODSP|beng |
| 043 | |an-cn--- |
| 086 | 1 |aNH18-22/98-126E-PDF |
| 110 | 2 |aCanada Mortgage and Housing Corporation. |
| 245 | 10|aEffectiveness of an acoustic continuous monitoring system for post-tensioned buildings : |h[electronic resource]|ban evaluation report |
| 260 | |aOttawa - Ontario : |bCanada Mortgage and Housing Corporation |c[1998]. |
| 300 | |a4p. |
| 490 | 1 |aResearch and development highlights; technical series|v98-126 |
| 500 | |aFile reproduced from original print. |
| 590 | |a14-16-Supp|b2014-09-25 |
| 775 | 08|tEfficacité d'un système de contrôle acoustique continu pour les bâtiments en béton post-contraint : |w(CaOODSP)9.607679 |
| 830 | #0|aResearch and development highlights; technical series ;|v98-126|w(CaOODSP)9.504481 |
| 856 | 40|ahttp://publications.gc.ca|qPDF|s119 KB|uhttps://publications.gc.ca/collections/collection_2014/schl-cmhc/NH18-22-98-126-eng.pdf|y98-126 |